Handbook of Green Information and Communication Systems (Record no. 323564)
[ view plain ]
| 000 -LEADER | |
|---|---|
| fixed length control field | 00470 a2200145 4500 |
| 001 - CONTROL NUMBER | |
| control field | 88491 |
| 082 ## - DEWEY DECIMAL CLASSIFICATION NUMBER | |
| Classification number | 621.382 OBA |
| 090 ## - LOCALLY ASSIGNED LC-TYPE CALL NUMBER (OCLC); LOCAL CALL NUMBER (RLIN) | |
| -- | 41898 |
| -- | 41898 |
| 100 ## - MAIN ENTRY--PERSONAL NAME | |
| Personal name | Mohammad Obaidat, Alagan Anpalagan and Isaac Woungang |
| 245 ## - TITLE STATEMENT | |
| Title | Handbook of Green Information and Communication Systems |
| Remainder of title | Mohammad Obaidat, Alagan Anpalagan and Isaac Woungang |
| 260 ## - PUBLICATION, DISTRIBUTION, ETC. | |
| Place of publication, distribution, etc. | Boston |
| Name of publisher, distributor, etc. | Elsevier |
| Date of publication, distribution, etc. | 2013 |
| 300 ## - PHYSICAL DESCRIPTION | |
| Extent | xxx, 773 p. |
| Other physical details | Hb |
| 500 ## - GENERAL NOTE | |
| General note | avionics |
| 600 ## - SUBJECT ADDED ENTRY--PERSONAL NAME | |
| Personal name | communication systems |
| 942 ## - ADDED ENTRY ELEMENTS (KOHA) | |
| Institution code [OBSOLETE] | CAE NUST |
| Call number prefix | 621.382 OBA |
| Withdrawn status | Lost status | Damaged status | Not for loan | Collection code | Permanent Location | Current Location | Date acquired | Total Checkouts | Full call number | Barcode | Date last seen | Price effective from | Koha item type |
|---|---|---|---|---|---|---|---|---|---|---|---|---|---|
| College of Aeronautical Engineering (CAE) | College of Aeronautical Engineering (CAE) | 04/03/2017 | 621.382 OBA | CAE86020 | 04/05/2017 | 04/05/2017 | Book |
